00000000nam 2200000zi 4500
0019.938556
003CaOODSP
00520250107103935
006m     o  d f      
007cr mn|||||||||
008240523e197912##onc     o    f000 0 eng d
040 |aCaOODSP|beng|erda|cCaOODSP
043 |an-cn---
0861 |aId40-8/1979E-PDF
24504|aThe health care products industry : |bmanufacturing opportunities in Canada.
264 1|aOttawa, Canada : |bSector Analysis Division, Chemicals Branch, Department of Industry, Trade and Commerce, |cDecember 1979.
300 |a1 online resource (38 pages)
336 |atext|btxt|2rdacontent
337 |acomputer|bc|2rdamedia
338 |aonline resource|bcr|2rdacarrier
500 |aIssued also in French under title: L'industrie des produits d'hygiène : possibilités de fabrication au Canada.
500 |a"Background paper"--Cover.
500 |aDigitized edition from print [produced by Innovation, Science and Economic Development Canada].
650 0|aPharmaceutical industry|zCanada.
650 0|aMedical instruments and apparatus industry|zCanada.
7101 |aCanada. |bIndustry, Trade and Commerce. |bChemicals Branch. |bSector Analysis Division, |eissuing body.
77508|tL'industrie des produits d'hygiène : |w(CaOODSP)9.946566
85640|qPDF|s795 KB|uhttps://publications.gc.ca/collections/collection_2025/isde-ised/Id40-8-1979-eng.pdf